00326nam a2200133Ia 4500008004100000100005100041245002100092250001000113260002300123300000800146650001400154942000700168999001700175190216s9999||||xx |||||||||||||| ||und|| a"Kewal Krishna Dewett, Verma Jd And Sharma Ml" 0aIndian Economics a40 th bS Chand & Coc2000 a690 aEconomics cBK c10399d10399